000 00441nam a2200205Ia 4500
001 13063
003 GE_BSU
008 181216s||||||||xx |||||||||||||| ||und||
020 _a9780751508376
040 _cGE_BSU
080 _a821.111-32
100 _aHay,Victoria Petrie.
245 4 _aThe Beguest.
260 _aLondon.
260 _bWarner Books.
260 _c1993
300 _a472p;20cm.
653 _aThe Beguest.
942 _cBK
999 _c46230
_d46230